| 000 | 00418nam a22001337a 4500 | ||
|---|---|---|---|
| 020 | _a969828902X | ||
| 082 |
_a346.07 _bQUR |
||
| 100 | _aQureshi, Sajid A. | ||
| 245 |
_aBusiness laws: _bcontract - sale - carriage - partnership - negotiable instruments/ _cSajid A. Qureshi, |
||
| 260 |
_aRawalpindi _bFederal Law House: _c2001 |
||
| 300 |
_a350,p. _c24,cm. |
||
| 650 |
_aBusiness laws _964382 |
||
| 942 |
_2ddc _cBK |
||
| 999 |
_c613068 _d613068 |
||